000 00318nam a2200133Ia 4500
008 240624s9999 xx 000 0 und d
041 _aeng
082 _a823 BEN
100 _aBENNETT ALAN
245 _aFOUR STORIES
260 _c2007
_aLondon
_bProfile Books Ltd.
300 _a282 : p. : cm. ; 19
365 _cRS
_b33
999 _c11629
_d11629